Cargo handling and the modern port / (Record no. 3263)
[ view plain ]
| 000 -LEADER | |
|---|---|
| fixed length control field | 04829cam a2200541 i 4500 |
| 006 - FIXED-LENGTH DATA ELEMENTS--ADDITIONAL MATERIAL CHARACTERISTICS--GENERAL INFORMATION | |
| fixed length control field | m o d |
| 007 - PHYSICAL DESCRIPTION FIXED FIELD--GENERAL INFORMATION | |
| fixed length control field | cr cnu---unuuu |
| 008 - FIXED-LENGTH DATA ELEMENTS--GENERAL INFORMATION | |
| fixed length control field | 141003s1965 enka ob 000 0 eng d |
| 020 ## - INTERNATIONAL STANDARD BOOK NUMBER | |
| International Standard Book Number | 9780080113050 |
| Qualifying information | (electronic bk.) |
| 020 ## - INTERNATIONAL STANDARD BOOK NUMBER | |
| International Standard Book Number | 0080113052 |
| Qualifying information | (electronic bk.) |
| 020 ## - INTERNATIONAL STANDARD BOOK NUMBER | |
| International Standard Book Number | 9781483180861 |
| 020 ## - INTERNATIONAL STANDARD BOOK NUMBER | |
| International Standard Book Number | 1483180867 |
| 040 ## - CATALOGING SOURCE | |
| Original cataloging agency | IMU Kochi Library |
| Language of cataloging | eng |
| 041 0# - LANGUAGE CODE | |
| Language code of text/sound track or separate title | eng |
| 082 04 - DEWEY DECIMAL CLASSIFICATION NUMBER | |
| Classification number | 387.544 |
| Edition number | 22 |
| 100 1# - MAIN ENTRY--PERSONAL NAME | |
| Personal name | Oram, Robert Bruce. |
| 245 10 - TITLE STATEMENT | |
| Title | Cargo handling and the modern port / |
| 250 ## - EDITION STATEMENT | |
| Edition statement | First edition]. |
| 300 ## - PHYSICAL DESCRIPTION | |
| Extent | 1 online resource (xii, 173 pages) : |
| Other physical details | illustrations |
| 490 1# - SERIES STATEMENT | |
| Series statement | The Commonwealth and international library ; |
| Volume number/sequential designation | 309 |
| 504 ## - BIBLIOGRAPHY, ETC. NOTE | |
| Bibliography, etc | Includes bibliographical references (pages 161-164). |
| 520 ## - SUMMARY, ETC. | |
| Summary, etc | Cargo Handling and the Modern Port covers various concerns in the handling of goods in a contemporary port. The book also details the functions of ports, along with the impact of the silent revolutions that took place in the major ports around the world. |
| 505 0# - FORMATTED CONTENTS NOTE | |
| Formatted contents note | Front Cover; Cargo Handling and the Modern Port; Copyright Page; Table of Contents; FOREWORD; INTRODUCTION; CHAPTER 1. THE PORT; THE FUNCTION OF A PORT; THE WORLD'S DEEP SEA TRADE; THE URGENT NEED FOR A QUICK TURNROUND; THE ADMINISTRATION OF PORTS; TYPES OF PORT MANAGEMENT; ADVANTAGES OF VARIOUS TYPES; DIVIDED RESPONSIBILITY WITHIN PORTS; OTHER DUTIES OF A PORT AUTHORITY; FACILITIES THAT TRADERS EXPECT TO FIND; CHAPTER 2. THE BASIC OPERATIONS OF A PORT; THE MOVEMENT OF THE SHIP TO HER BERTH; FACILITIES FOR LOADING AND DISCHARGING SHIPS; BERTH DESIGN, DIFFERENT CONCEPTIONS |
| 505 8# - FORMATTED CONTENTS NOTE | |
| Formatted contents note | QUAY CRANES versus SHIPS' GEARAN ALTERNATIVE TO THE QUAY CRANE; OVERSIDE DISCHARGE; THE SIZE OF CRAFT; THE LANDING OF GENERAL CARGO; THE HANDLING OF EXPORT CARGO; THE TALLYING OF CARGO; PHYSICAL CAUSES THAT HINDER TURNROUND; SOME MINOR PROBLEMS SLOWING TURNROUND; DOCUMENTATION; MARKING OF CARGO; ADVANCE INFORMATION; CHAPTER 3. PORT LABOUR; INTRODUCTION TO PORT LABOUR; CONDITIONS OF PORT LABOUR; DEPENDENCE OF THE PORTS ON ARRIVAL OF SHIPS; DEMAND FOR DOCK LABOUR; OVERTIME WORKING; CONDITIONS OF PAY; WEST COAST AGREEMENT; THE BOARD'S FALL BACK SCHEME; SPECIALIST GRADES WITHIN THE SCHEME |
| 505 8# - FORMATTED CONTENTS NOTE | |
| Formatted contents note | SAFETY IN PORT WORKPRESENT MOVES FOR IMPROVING CONDITIONS; OVERTIME; TRAINING OF WORKERS AND STAFF; CHAPTER 4. CHANGES SINCE 1945; PROBLEMS OF RECONSTRUCTION; MECHANIZATION APPLIED TO PORT WORK; THE FUNCTIONS OF THE NEW MACHINES; TAKING THE MACHINE TO THE JOB; THE TEST THAT MECHANICAL EQUIPMENT HAS TO PASS; COST OF OPERATING FORKLIFT TRUCKS -- AN EXAMPLE; STRIKING EXPORTS MECHANICALLY; SAFE WORKING; EFFECTS OF MECHANIZATION ALREADY REVEALED; EFFECTS OF MECHANIZATION ON DOCK SHEDS; HOW PERMANENT ARE PRESENT DESIGNS?; OTHER CHANGES AFFECTING CARGO HANDLING; CHAPTER 5. THE UNIT LOAD |
| 505 8# - FORMATTED CONTENTS NOTE | |
| Formatted contents note | CHANGES IN CARGO UNIT DESIGNSUCCESSFUL EXPERIMENTS IN PALLET CARGOES; Color Plate; MAINTENANCE OF PALLETS; EXTENDED USE OF PALLETS; LARGER UNITS OF SAWN SOFTWOOD; SHIPMENT OF APPLES IN LARGE BINS; UNITIZING EXPORT CARGO; CHAPTER 6. CONTAINERS; CONDITIONS FAVOURABLE TO CONTAINER TRAFFIC; DIFFERENT TYPES OF CONTAINERS; THE IMPACT OF CONTAINERS ON TRANSPORTATION -THE SHIPPER; THE CONSOLIDATED TERMINAL AND THE SHIPPER; IMPACT OF THE CONTAINER ON PORTS; THE IDEAL BERTH LAYOUT FOR THE CONTAINER SHIP; THE MECHANICAL REQUIREMENTS OF A CONTAINER BERTH; TYPES OF CONTAINER SHIP |
| 505 8# - FORMATTED CONTENTS NOTE | |
| Formatted contents note | THE RECEIVER OF THE CONTAINERSOME GENERAL PROBLEMS OF CONTAINERS; CHAPTER 7. BULK CARGOES; BULK CARGO SHIP TONNAGE; TYPES OF BULK CARGOES -OILS; SUNDRY BULK CARGOES; THE ADVANTAGES OF BULK HANDLING; PHYSICAL REQUIREMENTS AT A BULK PORT; DEVELOPMENT OF ITALIAN SHIPMENTS OF BULK ORE; CHAPTER 8. THE PORT OF THE FUTURE; THE ROCHDALE COMMITTEE; THE PORT OF THE FUTURE; PREPARING FOR THE PORT OF THE FUTURE; THE TWO SCHOOLS OF THOUGHT; BRIEF REVIEW OF PRESENT PORT DEVELOPMENTS; THE SHAPE THE PORT OF THE FUTURE WILL TAKE; MINOR ALTERATIONS IN CARGO SHIP DESIGN; SHED DESIGNS; CONCLUSION; APPENDIX A |
| 650 #0 - SUBJECT ADDED ENTRY--TOPICAL TERM | |
| Topical term or geographic name as entry element | Harbors. |
| 650 #0 - SUBJECT ADDED ENTRY--TOPICAL TERM | |
| Topical term or geographic name as entry element | Cargo handling. |
| 650 #0 - SUBJECT ADDED ENTRY--TOPICAL TERM | |
| Topical term or geographic name as entry element | Shipping. |
| 650 #6 - SUBJECT ADDED ENTRY--TOPICAL TERM | |
| Topical term or geographic name as entry element | Ports. |
| 650 #6 - SUBJECT ADDED ENTRY--TOPICAL TERM | |
| Topical term or geographic name as entry element | Manutention portuaire. |
| 650 #7 - SUBJECT ADDED ENTRY--TOPICAL TERM | |
| Topical term or geographic name as entry element | TRANSPORTATION |
| General subdivision | Ships & Shipbuilding |
| -- | Pictorial. |
| Source of heading or term | bisacsh |
| 650 #7 - SUBJECT ADDED ENTRY--TOPICAL TERM | |
| Topical term or geographic name as entry element | Cargo handling |
| Source of heading or term | fast |
| 650 #7 - SUBJECT ADDED ENTRY--TOPICAL TERM | |
| Topical term or geographic name as entry element | Harbors |
| Source of heading or term | fast |
| 650 #7 - SUBJECT ADDED ENTRY--TOPICAL TERM | |
| Topical term or geographic name as entry element | Shipping |
| Source of heading or term | fast |
| 830 #0 - SERIES ADDED ENTRY--UNIFORM TITLE | |
| Uniform title | Commonwealth and international library ; |
| Volume number/sequential designation | 309. |
| 852 ## - LOCATION/CALL NUMBER | |
| Location | IMU Kochi Library |
| 856 40 - ELECTRONIC LOCATION AND ACCESS | |
| Uniform Resource Identifier | <a href="https://www.sciencedirect.com/science/book/9780080113050">https://www.sciencedirect.com/science/book/9780080113050</a> |
| 904 ## - LOCAL DATA ELEMENT D, LDD (RLIN) | |
| CATALOGER | Rudra Ranjan |
| 905 ## - LOCAL DATA ELEMENT E, LDE (RLIN) | |
| VERIFIER | Rudra Ranjan |
| 942 ## - ADDED ENTRY ELEMENTS (KOHA) | |
| Item type | E-Book |
| 264 #1 - | |
| -- | Oxford ; |
| -- | New York : |
| -- | Pergamon Press, |
| -- | [1965] |
| 338 ## - | |
| -- | online resource |
| 650 #6 - SUBJECT ADDED ENTRY--TOPICAL TERM | |
| -- | (CaQQLa)201-0003252 |
| 650 #6 - SUBJECT ADDED ENTRY--TOPICAL TERM | |
| -- | (CaQQLa)201-0100537 |
| 650 #7 - SUBJECT ADDED ENTRY--TOPICAL TERM | |
| -- | (OCoLC)fst00847377 |
| 650 #7 - SUBJECT ADDED ENTRY--TOPICAL TERM | |
| -- | (OCoLC)fst00951219 |
| 650 #7 - SUBJECT ADDED ENTRY--TOPICAL TERM | |
| -- | (OCoLC)fst01116352 |
No items available.